| 000 | 00793nam a22002657a 4500 | ||
|---|---|---|---|
| 001 | 00260 | ||
| 003 | DO-SdBNP | ||
| 005 | 20180220141954.0 | ||
| 008 | 151022b sp 2008 xxu||||| |||| 00| 0 spa d | ||
| 020 | _a9788434860315 | ||
| 040 |
_aBPMSU _bspa _cBPMSU |
||
| 092 |
_2XXXX _aXXXX |
||
| 100 | 1 | _aRon-Feder, Galila. | |
| 245 | 1 | 0 |
_aQuerido yo / _c Galila Ron-Feder ; traducción del hebreo Eulália Sariola ; ilustraciones Carmen Lucini. |
| 260 |
_aMadrid : _bEdiciones SM _c1998. |
||
| 300 |
_a143 p. _bil. ; _c19 cm. |
||
| 490 | 1 |
_aEl barco de vapor _v112 |
|
| 700 |
_aSariola, Eulália, _etr. |
||
| 700 |
_aLucini, Carmen, _eil. |
||
| 830 | 0 |
_a El barco de vapor ; _n112 |
|
| 910 | _a00260 | ||
| 942 |
_2ddc _cBK |
||
| 945 | _aInventariado, 2018 / BT | ||
| 956 | _2Lorenza Pérez | ||
| 999 |
_c8435 _d8435 |
||